Zbrodnia i kara /
Sparad:
| Huvudupphov: | |
|---|---|
| Institutionellt upphov: | |
| Övriga upphov: | , |
| Materialtyp: | Bok |
| Språk: | polska ryska |
| Utgiven: |
Kraków :
Wydawnictwo Greg,
2005.
|
| Serie: | Lektura (Greg)
|
| Ämnen: | |
| Taggar: |
Inga taggar, Lägg till första taggen!
|
MARC
| LEADER | 00000cam a2200000 i 4500 | ||
|---|---|---|---|
| 001 | 991023785069705066 | ||
| 005 | 20260515140226.0 | ||
| 008 | 110517s2010 pl a |001 fdpol c | ||
| 020 | 7 | |a 9788373273122 | |
| 035 | |a (LUBL_M)LUBL_M135886-48omnis_mpl | ||
| 035 | |a (PUBLU)vtls000135886 | ||
| 035 | |a xx002077488 | ||
| 035 | |a xx003206226 | ||
| 035 | |a xx002687006 | ||
| 035 | |a (PL)b0000020063880 | ||
| 035 | |a (EXLNZ-48OMNIS_NETWORK)9910931349005606 | ||
| 040 | |a LUBL M/JD |c LUBL M/JD |d LUBL M/IK |d WA N |d WR 16 |d KOSZ W |d WA M |d WA N |d POZN M | ||
| 041 | 1 | |a pol |h rus | |
| 080 | |a 821.161.1-3 |a 821.161.1(091)-3"18" |a (075.3-021.66) | ||
| 090 | |c 76 |d 75 | ||
| 100 | |a Dostojewski, Fiodor |d (1821-1881) | ||
| 240 | |a Prestuplenie i nakazanie |l (pol.) | ||
| 245 | 1 | |a Zbrodnia i kara / |c Fiodor Dostojewski ; przekład Zbigniew Podgórzec ; opracowali Katarzyna Duda-Kaptur, Zbigniew Podgórzec. | |
| 246 | 1 | 0 | |i Tytuł oryginału: |a Prestuplenie i nakazanie, |
| 260 | 1 | |a Kraków : |b Wydawnictwo Greg, |c 2005. | |
| 300 | |a 496 stron : |b ilustracje ; |c 21 cm. | ||
| 490 | 1 | |a Lektura z Opracowaniem | |
| 500 | |a W obrębie wydania nakłady z datą copyrightu 2011, 2012, 2014, 2016. | ||
| 500 | |a Na stronie tytułowej: Notatki na marginesie, cytaty, które warto znać, streszczenie. | ||
| 500 | |a Na okładce: Specjalna czcionka ułatwiająca szybkie czytanie. | ||
| 504 | |a Indeks. | ||
| 600 | |a Dostojewski, Fiodor |d (1821-1881). | ||
| 600 | |a Rodion Raskolnikow |c (postać fikcyjna) | ||
| 650 | |a Etyka | ||
| 650 | |a Język polski (przedmiot szkolny) | ||
| 650 | 7 | |a Literatura rosyjska | |
| 650 | 7 | |a Poczucie winy | |
| 650 | 7 | |a Sumienie | |
| 650 | 7 | |a Zabójstwo | |
| 651 | 7 | |a Petersburg (Rosja) | |
| 700 | |a Podgórzec, Zbigniew |d (1935-2002) |e Tłumaczenie |e Opracowanie | ||
| 700 | |a Duda-Kaptur, Katarzyna |e Opracowanie | ||
| 710 | 2 | |a Wydawnictwo Greg | |
| 830 | 0 | |a Lektura (Greg) | |
| 920 | 1 | |a 978-83-7327-312-2 | |
| 942 | |c K | ||
| 952 | |0 0 |1 0 |4 0 |6 R__57_000000000000000 |7 0 |9 74 |a RYT |b RYT |d 2026-04-26 |e 1/2026 |g 10.00 |l 0 |o R.57 |p 2000000000572 |r 2026-05-15 14:02:26 |w 2026-05-15 |y BK |z da | ||
| 999 | |c 74 |d 74 | ||